Výročná správa o činnosti za rok 2024 : sapientia, bonun, patria = múdrosť, dobro, vlasť /
Uložené v:
| Korporatívny autor: | |
|---|---|
| Médium: | Kniha |
| Jazyk: | Slovak |
| Vydané: |
Liptovský Mikuláš :
Akadémia ozbrojených síl generála M. R. Štefánika,
2025.
|
| Vydanie: | Vydanie: prvé |
| Témy: | |
| ISBN: |
9788080406868 |
| Fyzický popis: |
126 strán : fotografie, tabuľky ; 26 cm. |
| Tagy: |
Pridať tag
Žiadne tagy, Buďte prvý kto otaguje tento záznam!
|
Titul je dostupný aj v ... 

MARC
| LEADER | 00000nam a2200000 i 4500 | ||
|---|---|---|---|
| 001 | 000733607 | ||
| 005 | 20250723082716.0 | ||
| 008 | 250714s2025 xo lo g 000 0 slo d | ||
| 020 | |a 9788080406868 |q (brožované) | ||
| 040 | |a SVKKK |b slo |c SVKKK |e rda | ||
| 041 | 0 | |a slo |b slo | |
| 043 | |a e-xo-- | ||
| 044 | |a xo |c SK | ||
| 072 | 7 | |a 378 |x Vysoké školy |2 konspekt | |
| 080 | |a 378.6:355 |2 2011 | ||
| 080 | |a 378.14 |2 2011 | ||
| 080 | |a (437.641) |2 2011 | ||
| 080 | |a (047.1) |2 2011 | ||
| 110 | 2 | |a Akadémia ozbrojených síl generála M. R. Štefánika (Liptovský Mikuláš, Slovensko) |4 aut | |
| 245 | 1 | 0 | |a Výročná správa o činnosti za rok 2024 : |b sapientia, bonun, patria = múdrosť, dobro, vlasť / |c autori: Kolektív zamestnancov Akadémie ozbrojených síl generála Milana Rastislava Štefánika. |
| 250 | |a Vydanie: prvé | ||
| 264 | 1 | |a Liptovský Mikuláš : |b Akadémia ozbrojených síl generála M. R. Štefánika, |c 2025. | |
| 300 | |a 126 strán : |b fotografie, tabuľky ; |c 26 cm. | ||
| 336 | |a text |b txt |2 rdacontent | ||
| 337 | |a bez média |b n |2 rdamedia | ||
| 338 | |a zväzok |b nc |2 rdacarrier | ||
| 366 | |e 20 kusov | ||
| 546 | |a Slovenské resumé | ||
| 610 | 2 | 7 | |a Akadémia ozbrojených síl generála M. R. Štefánika (Liptovský Mikuláš, Slovensko) |2 SVKKKKA |
| 650 | 0 | 7 | |a vysoké vojenské školy |2 SVKKKPH |
| 650 | 0 | 7 | |a vysokoškolské vzdelávanie |2 SVKKKPH |
| 650 | 0 | 7 | |a military universities |2 SVKKKPHeng |
| 650 | 0 | 7 | |a college study |2 SVKKKPHeng |
| 651 | 7 | |a Liptovský Mikuláš (Slovensko) |2 SVKKKPH | |
| 651 | 7 | |a Liptovský Mikuláš (Slovakia) |2 SVKKKPHeng | |
| 655 | 7 | |a výročné správy |2 SVKKKPH | |
| 655 | 7 | |a annual reports |2 SVKKKPHeng | |
| 910 | |a svkkk | ||
| 919 | |a 978-80-8040-686-8 | ||
| 998 | |a BK | ||
| 090 | |g SCKHL |k Sklad Hlavná 10 prízemie |a V.244971 |j 1133567 |i 2721149972 |s Povinný výt. | ||